[Event "Brno op 7th"]
[Site "Brno"]
[Date "2017.11.13"]
[Round "3"]
[White "Stanek, Stanislav"]
[Black "Bengherabi, Khalil"]
[Result "0-1"]
[WhiteElo "1930"]
[BlackElo "2220"]
[PlyCount "50"]
[EventDate "2017.11.11"]
[EventType "swiss"]
[EventRounds "9"]
[EventCountry "CZE"]
[SourceTitle "CBM 181 Extra"]
[Source "ChessBase"]
[SourceDate "2017.12.12"]
[SourceVersion "1"]
[SourceVersionDate "2017.12.12"]
[SourceQuality "1"]

1. e4 c5 2. f4 Nc6 3. Nf3 d6 4. d3 g6 5. Be3 Bg7 6. Nc3 b5 7. Qc1 Nd4 8. Be2 Bb7 9. 0-0 b4 10. Bxd4 cxd4 11. Nd1 Rc8 12. Qd2 Qb6 13. a3 b3 14. cxb3 Qxb3 15. Rc1 Rxc1 16. Qxc1 Qb6 17. b4 Nf6 18. Nb2 0-0 19. Nc4 Qb5 20. Qb2 Nxe4 21. a4 Qc6 22. Na5 Qa6 23. dxe4 d3 24. Bxd3 Qxd3 25. Qd2 Bd4+ 0-1

[Event "Valasska Bystrice op"]
[Site "Valasska Bystrice"]
[Date "2017.09.15"]
[Round "8"]
[White "Juricek, Stanislav"]
[Black "Stanek, Stanislav"]
[Result "1/2-1/2"]
[WhiteElo "2051"]
[BlackElo "1932"]
[PlyCount "120"]
[EventDate "2017.09.09"]
[EventType "swiss"]
[EventRounds "9"]
[EventCountry "CZE"]
[SourceTitle "CBM 180 Extra"]
[Source "ChessBase"]
[SourceDate "2017.10.06"]
[SourceVersion "1"]
[SourceVersionDate "2017.10.06"]
[SourceQuality "1"]

1. e4 e6 2. d4 c5 3. Nf3 a6 4. Bd3 d6 5. 0-0 Be7 6. Qe2 Nd7 7. d5 e5 8. a4 b6 9. Nc3 h6 10. Nd2 Qc7 11. Nc4 Bf6 12. g3 Ne7 13. f4 Ng6 14. f5 Ngf8 15. Bd2 Nh7 16. Kg2 Bb7 17. Ne3 Qd8 18. Bc4 Qe7 19. Rf2 0-0 20. h4 Rfb8 21. b3 Qd8 22. Rh1 Nhf8 23. Kh3 Kh7 24. Ng4 Kg8 25. Rfh2 Nh7 26. Kg2 h5 27. Ne3 g6 28. g4 hxg4 29. Qxg4 Ndf8 30. Qg3 Bc8 31. Rf1 Ra7 32. Ng4 Bg7 33. h5 g5 34. f6 Nxf6 35. Bxg5 Bxg4 36. Bxf6 Bxf6 37. Qxg4+ Bg5 38. Kh1 f6 39. Qe2 Rba8 40. Nd1 Nh7 41. Nf2 b5 42. axb5 axb5 43. Bxb5 Ra1 44. Ba4 Rxf1+ 45. Qxf1 Qa5 46. Qe2 Qc3 47. Rh3 Qa1+ 48. Kg2 Bf4 49. Rh1 Qc3 50. Qd3 Qb4 51. Nh3 Ng5 52. Nxg5 Bxg5 53. Kf3 c4 54. Qe2 Qc3+ 55. Kg4 Kf7 56. Rh3 f5+ 57. exf5 Qd4+ 58. Kf3 Qxd5+ 59. Qe4 Qd1+ 60. Qe2 Qd5+ 1/2-1/2

[Event "Valasska Bystrice op"]
[Site "Valasska Bystrice"]
[Date "2017.09.10"]
[Round "3"]
[White "Stanek, Stanislav"]
[Black "Slanicay, Gabriel"]
[Result "1-0"]
[WhiteElo "1932"]
[BlackElo "1685"]
[PlyCount "51"]
[EventDate "2017.09.09"]
[EventType "swiss"]
[EventRounds "9"]
[EventCountry "CZE"]
[SourceTitle "CBM 180 Extra"]
[Source "ChessBase"]
[SourceDate "2017.10.06"]
[SourceVersion "1"]
[SourceVersionDate "2017.10.06"]
[SourceQuality "1"]

1. e4 e5 2. Bc4 Nf6 3. Qe2 Bc5 4. d3 d6 5. Be3 Bb6 6. Nc3 Be6 7. Bg5 c6 8. Bb3 Nbd7 9. h3 Nc5 10. Nf3 Nxb3 11. axb3 h6 12. Be3 0-0 13. Bxb6 Qxb6 14. Qe3 Rfe8 15. 0-0 Nd7 16. Ra3 f6 17. Rfa1 Qxe3 18. fxe3 a6 19. b4 Ra7 20. b5 Rea8 21. b4 b6 22. Rxa6 Rxa6 23. Rxa6 Rxa6 24. bxa6 b5 25. d4 g5 26. d5 1-0

[Event "Valasska Bystrice op"]
[Site "Valasska Bystrice"]
[Date "2017.09.09"]
[Round "1"]
[White "Stanek, Stanislav"]
[Black "Oktavec, Ivan"]
[Result "1-0"]
[WhiteElo "1932"]
[BlackElo "1602"]
[PlyCount "139"]
[EventDate "2017.09.09"]
[EventType "swiss"]
[EventRounds "9"]
[EventCountry "CZE"]
[SourceTitle "CBM 180 Extra"]
[Source "ChessBase"]
[SourceDate "2017.10.06"]
[SourceVersion "1"]
[SourceVersionDate "2017.10.06"]
[SourceQuality "1"]

1. Nc3 b6 2. e4 Bb7 3. Bc4 e6 4. Bb3 d5 5. Qe2 Nf6 6. exd5 Nxd5 7. Bxd5 Bxd5 8. Nxd5 Qxd5 9. Qf3 Be7 10. Qxd5 exd5 11. d4 0-0 12. Nf3 Nd7 13. 0-0 c5 14. Be3 Bf6 15. c3 Rac8 16. Rad1 c4 17. Rfe1 Rfe8 18. Bf4 Kf8 19. Bd6+ Be7 20. Rxe7 Rxe7 21. Re1 Rce8 22. Kf1 f6 23. b3 b5 24. bxc4 bxc4 25. Rb1 Kf7 26. Bxe7 Rxe7 27. Re1 Nb6 28. Rxe7+ Kxe7 29. Ke2 Na4 30. Kd2 Ke6 31. Ne1 g6 32. Nc2 Kd6 33. Ne3 Ke6 34. Kc2 f5 35. Nd1 g5 36. Nb2 Nb6 37. Kd2 f4 38. Ke2 Kf5 39. f3 h5 40. g3 Nd7 41. Kf2 Kf6 42. Na4 Kf5 43. Kg2 g4 44. Kf2 Kg5 45. Ke2 Kf5 46. Nb2 Nf6 47. Nd1 Kg5 48. Nf2 fxg3 49. hxg3 h4 50. gxh4+ Kxh4 51. fxg4 Nxg4 52. Nd1 Kg5 53. Nb2 Nf6 54. Kd2 Kf5 55. Na4 Ke6 56. Nc5+ Kd6 57. Ke3 Nd7 58. Nxd7 Kxd7 59. Kf4 Ke6 60. Kg5 a6 61. a3 Ke7 62. Kf5 Kd6 63. Kf6 Kc6 64. Ke6 Kb5 65. Kxd5 a5 66. a4+ Kxa4 67. Kxc4 Ka3 68. d5 Kb2 69. Kb5 Kxc3 70. d6 1-0

[Event "CZE-chT2E 1516"]
[Site "Czech Republic"]
[Date "2016.04.03"]
[Round "10.8"]
[White "Stanek, Stanislav"]
[Black "Zeman, Arnost"]
[Result "1-0"]
[WhiteElo "1971"]
[BlackElo "1992"]
[PlyCount "79"]
[EventDate "2015.10.18"]
[EventType "team-tourn"]
[EventRounds "11"]
[EventCountry "CZE"]
[SourceTitle "EXT 2022"]
[Source "ChessBase"]
[SourceDate "2021.10.06"]
[SourceVersion "1"]
[SourceVersionDate "2021.10.06"]
[SourceQuality "1"]
[WhiteTeam "Jundrov Jezdci"]
[BlackTeam "Orechov"]
[WhiteTeamCountry "CZE"]
[BlackTeamCountry "CZE"]

1. e4 c5 2. f4 d6 3. Bb5+ Nd7 4. d3 a6 5. Bc4 e6 6. a4 b6 7. Nc3 Bb7 8. Qe2 Qe7 9. Nf3 g6 10. 0-0 Bg7 11. Bd2 Nh6 12. Be1 f6 13. Bh4 Nf7 14. Rae1 0-0 15. d4 g5 16. fxg5 fxg5 17. Nxg5 Bxd4+ 18. Kh1 Nxg5 19. Bxg5 Qxg5 20. Bxe6+ Kh8 21. Bxd7 Qg7 22. Bf5 Rae8 23. Qh5 Re5 24. Qxh7+ Qxh7 25. Bxh7 Kxh7 26. Rxf8 Bxc3 27. bxc3 Bxe4 28. Kg1 b5 29. axb5 axb5 30. Rb8 c4 31. Rb6 d5 32. Rxb5 Re6 33. Re2 Ra6 34. Kf2 Ra3 35. Ke3 Rxc3+ 36. Kd4 Ra3 37. Rxd5 Bxd5 38. Kxd5 c3 39. Kd4 Kg6 40. Re3 1-0

[Event "CZE-chT2E 1415"]
[Site "Czech Republic"]
[Date "2015.03.29"]
[Round "10.7"]
[White "Stanek, Stanislav"]
[Black "Navratil, Marek"]
[Result "1-0"]
[WhiteElo "1938"]
[BlackElo "1848"]
[PlyCount "63"]
[EventDate "2014.11.02"]
[EventType "team-tourn"]
[EventRounds "11"]
[EventCountry "CZE"]
[SourceTitle "EXT 2022"]
[Source "ChessBase"]
[SourceDate "2021.10.06"]
[SourceVersion "1"]
[SourceVersionDate "2021.10.06"]
[SourceQuality "1"]
[WhiteTeam "Orechov"]
[BlackTeam "Kromeriz Slavia II"]
[WhiteTeamCountry "CZE"]
[BlackTeamCountry "CZE"]

1. Nc3 d5 2. e4 dxe4 3. Nxe4 e5 4. Bc4 Be7 5. Nf3 Nc6 6. d3 Nf6 7. Ng3 0-0 8. 0-0 Qd6 9. Re1 Bg4 10. Be3 Nd5 11. Ne4 Nxe3 12. fxe3 Qh6 13. Nf2 Bh5 14. g4 Bg6 15. Kg2 Kh8 16. e4 Nd4 17. c3 Nxf3 18. Qxf3 f6 19. Qe3 Qh4 20. Qg3 Qh6 21. Qe3 Qh4 22. Re2 Bf7 23. Bxf7 Rxf7 24. Qg3 Qh6 25. h4 g6 26. Rf1 Raf8 27. Nh3 Qg7 28. Ref2 Bc5 29. Rf3 Bd6 30. Qf2 a6 31. Ng5 Rd7 32. Ne6 1-0

[Event "CZE-chT2E 1415"]
[Site "Czech Republic"]
[Date "2015.03.15"]
[Round "9.6"]
[White "Stanek, Stanislav"]
[Black "Marek, Jiri"]
[Result "1-0"]
[WhiteElo "1938"]
[BlackElo "2033"]
[PlyCount "137"]
[EventDate "2014.11.02"]
[EventType "team-tourn"]
[EventRounds "11"]
[EventCountry "CZE"]
[SourceTitle "EXT 2022"]
[Source "ChessBase"]
[SourceDate "2021.10.06"]
[SourceVersion "1"]
[SourceVersionDate "2021.10.06"]
[SourceQuality "1"]
[WhiteTeam "Orechov"]
[BlackTeam "Prusanky Podluzan"]
[WhiteTeamCountry "CZE"]
[BlackTeamCountry "CZE"]

1. e4 c6 2. Nc3 d5 3. d3 dxe4 4. dxe4 Qxd1+ 5. Nxd1 e5 6. Bc4 Nd7 7. f3 Nb6 8. Bb3 Bc5 9. Be3 Bb4+ 10. c3 Be7 11. Ne2 Be6 12. Bxe6 fxe6 13. Bxb6 axb6 14. Nf2 Nh6 15. Nc1 b5 16. Ncd3 0-0 17. Ke2 Bd6 18. a3 b6 19. Rad1 Rfd8 20. Rd2 Bc5 21. Rhd1 Nf7 22. Ng4 Be7 23. Ndxe5 Rxd2+ 24. Rxd2 c5 25. Nxf7 Kxf7 26. Ne5+ Ke8 27. f4 b4 28. axb4 cxb4 29. c4 Ra1 30. g3 Rb1 31. Nd3 Rh1 32. Kf3 Rf1+ 33. Kg2 Ra1 34. e5 Ra4 35. Rc2 Ra2 36. Kf3 Bc5 37. Ke4 Ke7 38. f5 exf5+ 39. Kxf5 g6+ 40. Ke4 Ra8 41. Nf4 Ra1 42. Nd3 Rd1 43. b3 Ke6 44. Ra2 Rb1 45. Ra7 g5 46. Rxh7 Rxb3 47. h4 Rc3 48. Nxc5+ bxc5 49. Rh6+ Ke7 50. Kd5 Rxg3 51. Rh7+ Kd8 52. hxg5 b3 53. Kd6 Kc8 54. Rc7+ Kd8 55. Rxc5 Rd3+ 56. Ke6 Rg3 57. Rd5+ Kc7 58. Kf6 Rf3+ 59. Kg6 Rf8 60. Rc5+ Kd7 61. Rb5 Ke6 62. Kg7 Rc8 63. Rxb3 Rxc4 64. Rb6+ Kxe5 65. g6 Rc1 66. Kg8 Rc8+ 67. Kh7 Rc2 68. g7 Rc7 69. Kh8 1-0

[Event "CZE-chT2E 1415"]
[Site "Czech Republic"]
[Date "2014.11.30"]
[Round "3.8"]
[White "Mitura, Karel"]
[Black "Stanek, Stanislav"]
[Result "1/2-1/2"]
[WhiteElo "2135"]
[BlackElo "1938"]
[PlyCount "74"]
[EventDate "2014.11.02"]
[EventType "team-tourn"]
[EventRounds "11"]
[EventCountry "CZE"]
[SourceTitle "EXT 2022"]
[Source "ChessBase"]
[SourceDate "2021.10.06"]
[SourceVersion "1"]
[SourceVersionDate "2021.10.06"]
[SourceQuality "1"]
[WhiteTeam "Postoupky"]
[BlackTeam "Orechov"]
[WhiteTeamCountry "CZE"]
[BlackTeamCountry "CZE"]

1. e4 e5 2. Nc3 c6 3. g3 d6 4. Bg2 Nf6 5. Nge2 Be7 6. d4 Nbd7 7. 0-0 0-0 8. h3 Re8 9. f4 b6 10. Be3 Bb7 11. Bf2 Qc7 12. Qd2 Rad8 13. Rad1 Nf8 14. g4 Ne6 15. f5 Nxd4 16. Nxd4 exd4 17. Bxd4 Nd7 18. g5 f6 19. h4 Ne5 20. Qf4 b5 21. Qg3 b4 22. Ne2 Ba6 23. Rf2 Bxe2 24. Rxe2 c5 25. Be3 Kh8 26. Bf4 Rg8 27. Bf1 g6 28. Rg2 gxf5 29. exf5 fxg5 30. hxg5 Bxg5 31. Bc4 Rg7 32. Rxd6 Nxc4 33. Rxd8+ Qxd8 34. Bxg5 Qd1+ 35. Kh2 Qh5+ 36. Kg1 Qd1+ 37. Kh2 Qh5+ 1/2-1/2

[Event "Brno op 5th"]
[Site "Brno"]
[Date "2014.11.20"]
[Round "7"]
[White "Stanek, Stanislav"]
[Black "Dirgas, Josef"]
[Result "0-1"]
[WhiteElo "1938"]
[BlackElo "2078"]
[PlyCount "168"]
[EventDate "2014.11.15"]
[EventType "swiss"]
[EventRounds "9"]
[EventCountry "CZE"]
[SourceTitle "CBM 163 Extra"]
[Source "ChessBase"]
[SourceDate "2014.12.23"]
[SourceVersion "1"]
[SourceVersionDate "2014.12.23"]
[SourceQuality "1"]

1. d4 d5 2. Nf3 Nf6 3. Bf4 e6 4. c3 Bd6 5. Bg3 0-0 6. e3 b6 7. Bd3 a5 8. a4 Ba6 9. Bxa6 Nxa6 10. Be5 Ne4 11. Nbd2 Nxd2 12. Qxd2 f6 13. Bg3 c5 14. 0-0 Bxg3 15. hxg3 c4 16. Kh2 Qd7 17. Rh1 b5 18. Qc2 b4 19. Kg1 g6 20. Rh3 bxc3 21. bxc3 Rab8 22. Kh2 Qb7 23. Ra2 Qb1 24. Qd2 Qd3 25. Qc1 Rb3 26. Rc2 Rfb8 27. Nd2 R3b6 28. g4 Qe2 29. Rf3 Kg7 30. Ne4 Qd3 31. Nxf6 Rb1 32. Qa3 Nb4 33. Rc1 Rb3 34. Qxb3 cxb3 35. cxb4 Qc2 36. Rh1 b2 37. Kg3 h6 38. Nd7 b1Q 39. Rxb1 Qxb1 40. Nxb8 Qxb4 41. Nc6 Qxa4 42. Ne5 Qe8 43. Nd3 a4 44. Nc5 a3 45. e4 a2 46. Ra3 Qb8+ 47. e5 Qb2 48. Ra7+ Kg8 49. Nxe6 a1Q 50. Rg7+ Kh8 51. Rxg6 Qc3+ 52. f3 Qae1+ 53. Kf4 Qcd2+ 54. Kf5 Qd3+ 55. Kf6 Qh4+ 56. Kf7 Qxg6+ 57. Kxg6 Qe7 58. Nc5 Qg5+ 59. Kf7 Qf4+ 60. Ke7 Qxd4 61. Kd6 Qc4 62. e6 Kg7 63. Nd7 d4 64. e7 Qf7 65. Ne5 Qf6+ 66. Kd5 Qxe7 67. Kxd4 Qd6+ 68. Ke4 Kf6 69. f4 Qb4+ 70. Kf3 Qc3+ 71. Kf2 Ke6 72. Nf3 Kd5 73. Kg3 Ke4 74. g5 h5 75. g6 Kf5 76. g7 Qxg7+ 77. Ng5 Qh6 78. Nf3 Qxf4+ 79. Kh3 Qg4+ 80. Kh2 Kf4 81. Ng1 Ke3 82. Nh3 Ke2 83. Ng1+ Kf1 84. g3 h4 0-1

[Event "Brno op 5th"]
[Site "Brno"]
[Date "2014.11.18"]
[Round "4"]
[White "Burnett, Andrew"]
[Black "Stanek, Stanislav"]
[Result "1-0"]
[WhiteElo "2269"]
[BlackElo "1938"]
[PlyCount "79"]
[EventDate "2014.11.15"]
[EventType "swiss"]
[EventRounds "9"]
[EventCountry "CZE"]
[SourceTitle "CBM 163 Extra"]
[Source "ChessBase"]
[SourceDate "2014.12.23"]
[SourceVersion "1"]
[SourceVersionDate "2014.12.23"]
[SourceQuality "1"]

1. e4 e5 2. Nf3 d6 3. d4 Qe7 4. Nc3 c6 5. Bc4 Bg4 6. dxe5 dxe5 7. h3 Bxf3 8. Qxf3 Qf6 9. Qg3 Bd6 10. Bg5 Qg6 11. 0-0-0 Ne7 12. Rxd6 Qxd6 13. Rd1 Qc7 14. Bxe7 Qxe7 15. Qxg7 Rf8 16. Qxh7 Nd7 17. Qf5 0-0-0 18. g4 Kc7 19. g5 Rg8 20. h4 Rg7 21. Be2 Nc5 22. Rg1 Qe6 23. b4 Qxf5 24. exf5 Nd7 25. Ne4 Rh8 26. h5 Nb6 27. c4 Nc8 28. Rd1 Rd8 29. Rxd8 Kxd8 30. f6 Rg8 31. c5 b5 32. Bg4 a6 33. h6 Ne7 34. fxe7+ Kxe7 35. h7 Rh8 36. Nf6 Kf8 37. Bf5 Kg7 38. Ng8 Kf8 39. Kd2 Ke8 40. Ke3 1-0

[Event "Brno op 5th"]
[Site "Brno"]
[Date "2014.11.16"]
[Round "2"]
[White "Cherednichenko, Elena"]
[Black "Stanek, Stanislav"]
[Result "1-0"]
[WhiteElo "2174"]
[BlackElo "1938"]
[PlyCount "119"]
[EventDate "2014.11.15"]
[EventType "swiss"]
[EventRounds "9"]
[EventCountry "CZE"]
[SourceTitle "CBM 163 Extra"]
[Source "ChessBase"]
[SourceDate "2014.12.23"]
[SourceVersion "1"]
[SourceVersionDate "2014.12.23"]
[SourceQuality "1"]

1. d4 d6 2. Nf3 Bg4 3. e4 Nd7 4. Nbd2 e5 5. c3 c6 6. Qb3 Qb6 7. Qc2 Be7 8. Be2 Ngf6 9. h3 Bxf3 10. Nxf3 0-0 11. 0-0 Qc7 12. a4 a5 13. Bd3 Rfe8 14. Re1 h6 15. g3 Nf8 16. Nh4 Ne6 17. Nf5 Bf8 18. Be3 Kh7 19. Qd2 Ng8 20. Rad1 g6 21. Nh4 Be7 22. Nf3 Bf6 23. Bb1 Qe7 24. d5 cxd5 25. Qxd5 Red8 26. Bb6 Rd7 27. Ba2 Qf8 28. Qb5 Qc8 29. Bxa5 Nc7 30. Bxc7 Qxc7 31. Bb3 Ra5 32. Qb4 Kg7 33. Rd5 Rc5 34. Red1 b6 35. Rxc5 bxc5 36. Qb5 Rd8 37. Qc4 Rb8 38. Rb1 h5 39. h4 Nh6 40. Bc2 Qa7 41. b3 Bd8 42. Rd1 Be7 43. Nd2 g5 44. hxg5 Bxg5 45. Qe2 Ng4 46. Nc4 Rd8 47. Rxd6 Rxd6 48. Nxd6 Qd7 49. Qd3 Kg6 50. Nc4 Qe6 51. f3 f6 52. fxg4 Qxg4 53. Bd1 Qh3 54. Qf3 h4 55. Qf5+ Qxf5 56. exf5+ Kxf5 57. gxh4 Bxh4 58. a5 Bg3 59. a6 e4 60. a7 1-0

[Event "Valasska Bystrice op"]
[Site "Valasska Bystrice"]
[Date "2014.09.19"]
[Round "8"]
[White "Stanek, Stanislav"]
[Black "Mudry, Jan"]
[Result "1-0"]
[WhiteElo "1940"]
[BlackElo "1733"]
[PlyCount "57"]
[EventDate "2014.09.13"]
[EventType "swiss"]
[EventRounds "9"]
[EventCountry "CZE"]
[SourceTitle "CBM 162 Extra"]
[Source "ChessBase"]
[SourceDate "2014.10.17"]
[SourceVersion "1"]
[SourceVersionDate "2014.10.17"]
[SourceQuality "1"]

1. Nc3 e5 2. e4 Bc5 3. Bc4 Nf6 4. d3 h6 5. f4 Bd4 6. Nf3 Bxc3+ 7. bxc3 exf4 8. Bxf4 d6 9. 0-0 0-0 10. Qc1 Kh7 11. Bb3 Nc6 12. a4 Be6 13. c4 Nh5 14. Bd2 Ne5 15. Nd4 Qh4 16. Qe1 Qg4 17. Qd1 Qg6 18. Nf5 f6 19. Qe2 Qf7 20. Kh1 g5 21. Rf2 Rae8 22. Raf1 Ng6 23. Qxh5 Bxf5 24. Rxf5 Qg7 25. g3 c6 26. Bc3 Ne5 27. c5 dxc5 28. Bxe5 fxe5 29. Rf7 1-0

[Event "Ostrava Konik op"]
[Site "Ostrava"]
[Date "2014.05.03"]
[Round "8"]
[White "Stanek, Stanislav"]
[Black "Kabelka, Ondrej"]
[Result "1/2-1/2"]
[WhiteElo "1917"]
[BlackElo "1697"]
[PlyCount "111"]
[EventDate "2014.04.26"]
[EventType "swiss"]
[EventRounds "9"]
[EventCountry "CZE"]
[SourceTitle "CBM 160 Extra"]
[Source "ChessBase"]
[SourceDate "2014.07.01"]
[SourceVersion "1"]
[SourceVersionDate "2014.07.01"]
[SourceQuality "1"]

1. d4 Nf6 2. c4 e6 3. Nc3 Bb4 4. Bd2 d5 5. e3 c5 6. Nf3 Nc6 7. a3 Bxc3 8. Bxc3 0-0 9. dxc5 Ne4 10. Qc2 Nxc5 11. cxd5 Qxd5 12. Rd1 Qh5 13. Be2 Qg6 14. Qxg6 hxg6 15. Bb5 Ne4 16. Bxc6 bxc6 17. Bb4 c5 18. Ba5 Rb8 19. Nd2 Nxd2 20. Rxd2 Ba6 21. Kd1 Bb5 22. b4 cxb4 23. axb4 Ba4+ 24. Ke2 Rfc8 25. f3 Kf8 26. Kf2 Ke7 27. Ra1 Bb5 28. Ra3 Rc1 29. h4 Rbc8 30. Raa2 a6 31. Kg3 R1c3 32. Bb6 f6 33. Bc5+ Kf7 34. Rd6 Rd3 35. Rd2 Rxd2 36. Rxd2 e5 37. Rd6 Rc7 38. Rd8 Rd7 39. Rf8+ Ke6 40. e4 Rf7 41. Rb8 Rd7 42. Kg4 Rd2 43. g3 Kf7 44. Rf8+ Ke6 45. h5 g5 46. h6 gxh6 47. Kh5 Rd3 48. Kg6 Rxf3 49. Kg7 f5 50. Rf6+ Kd7 51. exf5 e4 52. Rd6+ Kc7 53. g4 e3 54. Re6 e2 55. Re7+ Kc6 56. f6 1/2-1/2

[Event "Ostrava Konik op"]
[Site "Ostrava"]
[Date "2014.05.01"]
[Round "6"]
[White "Stanek, Stanislav"]
[Black "Omamik, Pavel"]
[Result "0-1"]
[WhiteElo "1917"]
[BlackElo "2044"]
[PlyCount "104"]
[EventDate "2014.04.26"]
[EventType "swiss"]
[EventRounds "9"]
[EventCountry "CZE"]
[SourceTitle "CBM 160 Extra"]
[Source "ChessBase"]
[SourceDate "2014.07.01"]
[SourceVersion "1"]
[SourceVersionDate "2014.07.01"]
[SourceQuality "1"]

1. e4 g6 2. d4 Bg7 3. Nc3 d6 4. Bc4 c6 5. Bb3 Nf6 6. f4 Qa5 7. Nf3 Nxe4 8. 0-0 Nxc3 9. Qe1 0-0 10. Bd2 Qc7 11. Bxc3 d5 12. Qh4 a5 13. a3 Qd6 14. Rae1 Qf6 15. Qg3 Bf5 16. Re2 Nd7 17. Rfe1 e6 18. Rd1 Qd8 19. h3 Nf6 20. Be1 Be4 21. Ne5 Nd7 22. Qc3 f5 23. Bf2 Nxe5 24. dxe5 Rf7 25. Qe3 Bh6 26. c4 g5 27. Bg3 Rg7 28. c5 Qe7 29. Kh2 gxf4 30. Bxf4 Bxf4+ 31. Qxf4 Qxc5 32. Rg1 Rf8 33. g3 Qb5 34. Qe3 Bd3 35. Rd2 Qxb3 36. Qxd3 Qxd3 37. Rxd3 Kf7 38. a4 Ke7 39. Rb3 Kd8 40. Rc1 Kc7 41. Rc5 b6 42. Rc1 h5 43. Rbc3 c5 44. Rf3 Rfg8 45. h4 Rg4 46. b3 Re4 47. Kg2 Rxe5 48. Kf2 Kd6 49. Re1 Rg4 50. Rfe3 Rxe3 51. Rxe3 Re4 52. Rf3 d4 0-1

[Event "Brno op 4th"]
[Site "Brno"]
[Date "2013.11.20"]
[Round "6"]
[White "Chapman, Nigel"]
[Black "Stanek, Stanislav"]
[Result "1/2-1/2"]
[WhiteElo "1789"]
[BlackElo "1941"]
[PlyCount "163"]
[EventDate "2013.11.16"]
[EventType "swiss"]
[EventRounds "9"]
[EventCountry "CZE"]
[SourceTitle "CBM 157 Extra"]
[Source "ChessBase"]
[SourceDate "2013.12.19"]
[SourceVersion "1"]
[SourceVersionDate "2013.12.19"]
[SourceQuality "1"]

1. e4 d6 2. d4 c6 3. Nc3 Nf6 4. f4 g6 5. Nf3 Bg7 6. Be2 0-0 7. 0-0 b5 8. e5 Ne8 9. a4 b4 10. Ne4 a5 11. c3 d5 12. Nc5 Na6 13. Nxa6 Bxa6 14. cxb4 axb4 15. b3 Qb6 16. Be3 Nc7 17. Rc1 f5 18. Qd2 Ne6 19. Bxa6 Rxa6 20. Rc2 Rc8 21. Rfc1 Nd8 22. Ne1 e6 23. Nd3 Bf8 24. Nc5 Ra7 25. Kh1 Kf7 26. Qd3 Bxc5 27. dxc5 Qc7 28. Bd4 Kg8 29. Rf2 Nb7 30. Rf3 Kg7 31. Qd2 Qa5 32. Qf2 Rb8 33. Qh4 Qd8 34. Qxd8 Nxd8 35. h4 Nf7 36. Rg3 Nh6 37. Kg1 Ng4 38. Kf1 h6 39. Ke2 Rh8 40. Rh1 Raa8 41. Rgh3 Raf8 42. Kf3 Kf7 43. Ke2 Ke7 44. Kf3 Kd7 45. Ke2 Kc7 46. Kf3 Rf7 47. Ke2 Kb7 48. Kf3 Ka6 49. Ke2 Rg8 50. Kf3 Ka5 51. Ke2 Ka6 52. Kf3 Rfg7 53. Ke2 Kb7 54. Kf3 Kb8 55. Ke2 Kc8 56. Kf3 Kd8 57. Ke2 Ke8 58. Kf3 Rf7 59. Ke2 Rgf8 60. Kf3 Ra7 61. Ra1 Ra5 62. Rc1 Kf7 63. Ke2 Kg7 64. Rch1 Re8 65. Kf3 Ra7 66. Ke2 Rc7 67. Kf3 Ra8 68. Ke2 Rf7 69. Kf3 Kf8 70. Ke2 Rg7 71. Kf3 Kf7 72. Ke2 g5 73. hxg5 hxg5 74. g3 Kg6 75. Rh5 gxf4 76. gxf4 Kf7 77. Kf3 Kf8 78. R1h3 Ke7 79. Rh1 Kf7 80. R1h3 Kg6 81. Rg5+ Kf7 82. Rgh5 1/2-1/2

[Event "Valasska Bystrice op"]
[Site "Valasska Bystrice"]
[Date "2013.09.10"]
[Round "5"]
[White "Starek, Stanislav"]
[Black "Stanek, Stanislav"]
[Result "1/2-1/2"]
[WhiteElo "2116"]
[BlackElo "1938"]
[PlyCount "94"]
[EventDate "2013.09.07"]
[EventType "swiss"]
[EventRounds "9"]
[EventCountry "CZE"]
[SourceTitle "CBM 156 Extra"]
[Source "ChessBase"]
[SourceDate "2013.10.22"]
[SourceVersion "1"]
[SourceVersionDate "2013.10.22"]
[SourceQuality "1"]

1. e4 e5 2. Nf3 d6 3. Bc4 Qe7 4. Nc3 c6 5. 0-0 Bg4 6. a4 a5 7. h3 Be6 8. Bxe6 Qxe6 9. d4 Be7 10. b3 h6 11. Ba3 Na6 12. d5 Qd7 13. Nd2 Rd8 14. Nc4 Qc7 15. f4 Nb4 16. Na2 cxd5 17. exd5 Nxa2 18. Rxa2 exf4 19. Rxf4 Nf6 20. Ne3 Qb6 21. Qd4 Qxd4 22. Rxd4 Ra8 23. Nc4 Ra6 24. Ra1 Kd7 25. Re1 Rb8 26. Ne3 Bd8 27. c4 Bb6 28. Rd3 Re8 29. Kf1 Bxe3 30. Rdxe3 Raa8 31. Bb2 Rxe3 32. Rxe3 Ne8 33. Ke2 g6 34. g4 Nc7 35. Bc3 b6 36. Kf3 Na6 37. Kg3 Nc5 38. Bg7 Rg8 39. Bxh6 g5 40. h4 f6 41. h5 Re8 42. Rf3 Ne4+ 43. Kg2 Ke7 44. Bg7 Kf7 45. h6 Re7 46. Re3 Re8 47. Re2 Re5 1/2-1/2

[Event "Valasska Bystrice op"]
[Site "Valasska Bystrice"]
[Date "2013.09.09"]
[Round "4"]
[White "Stanek, Stanislav"]
[Black "Hrabal, Michal"]
[Result "1-0"]
[WhiteElo "1938"]
[BlackElo "2079"]
[PlyCount "53"]
[EventDate "2013.09.07"]
[EventType "swiss"]
[EventRounds "9"]
[EventCountry "CZE"]
[SourceTitle "CBM 156 Extra"]
[Source "ChessBase"]
[SourceDate "2013.10.22"]
[SourceVersion "1"]
[SourceVersionDate "2013.10.22"]
[SourceQuality "1"]

1. e4 e5 2. Bc4 Nf6 3. Nc3 Nc6 4. d3 Na5 5. Bb3 Nxb3 6. axb3 Be7 7. Nf3 d6 8. h3 0-0 9. Bg5 h6 10. Bxf6 Bxf6 11. Nd5 Be6 12. Ne3 g6 13. Qd2 Bg7 14. g4 d5 15. Rg1 dxe4 16. dxe4 Qxd2+ 17. Kxd2 Rfd8+ 18. Ke2 f6 19. Ne1 Kf7 20. Nd3 Bf8 21. f3 Bd6 22. Nc4 b6 23. Nxd6+ Rxd6 24. Rgd1 c5 25. Nxe5+ fxe5 26. Rxd6 Ke7 27. Rxb6 1-0

[Event "Valasska Bystrice op"]
[Site "Valasska Bystrice"]
[Date "2013.09.07"]
[Round "1"]
[White "Domanski, Lukasz"]
[Black "Stanek, Stanislav"]
[Result "1/2-1/2"]
[WhiteElo "1587"]
[BlackElo "1938"]
[PlyCount "97"]
[EventDate "2013.09.07"]
[EventType "swiss"]
[EventRounds "9"]
[EventCountry "CZE"]
[SourceTitle "CBM 156 Extra"]
[Source "ChessBase"]
[SourceDate "2013.10.22"]
[SourceVersion "1"]
[SourceVersionDate "2013.10.22"]
[SourceQuality "1"]

1. e4 e5 2. Nf3 d6 3. d4 Qe7 4. Nc3 c6 5. a4 a5 6. Bc4 Bg4 7. dxe5 dxe5 8. 0-0 Nd7 9. Be3 Ngf6 10. Qd2 g6 11. Bg5 Bg7 12. Qe3 Be6 13. Bxe6 Qxe6 14. h3 h6 15. Bh4 Nh5 16. Rad1 g5 17. Bg3 Bf8 18. Rxd7 Qxd7 19. Nxe5 Qe6 20. Nd5 Bd6 21. Nb6 Nxg3 22. fxg3 Qxe5 23. Rf5 Qxg3 24. Qxg3 Bxg3 25. Nxa8 0-0 26. Nb6 Rd8 27. Nc4 Rd1+ 28. Rf1 Rd4 29. Nxa5 Rxa4 30. Nxb7 Rb4 31. Nd8 Rxb2 32. Nxc6 Rxc2 33. Nd4 Rc4 34. Nf5 Bf4 35. Nxh6+ Kh7 36. Nxf7 Rxe4 37. g3 Be3+ 38. Kg2 Re7 39. Nd6 Re6 40. Nf5 Bc5 41. Rc1 Bb6 42. Rd1 Kg6 43. g4 Kf6 44. Kf3 Bc5 45. Rh1 Ra6 46. Re1 Ra3+ 47. Kg2 Ra2+ 48. Kg3 Ra3+ 49. Kg2 1/2-1/2